<?xml version="1.0" encoding="UTF-8"?><?xml-stylesheet type="text/xsl" href="static/style.xsl"?><OAI-PMH xmlns="http://www.openarchives.org/OAI/2.0/" xmlns:xsi="http://www.w3.org/2001/XMLSchema-instance" xsi:schemaLocation="http://www.openarchives.org/OAI/2.0/ http://www.openarchives.org/OAI/2.0/OAI-PMH.xsd"><responseDate>2026-04-18T02:24:53Z</responseDate><request verb="GetRecord" identifier="oai:riubu.ubu.es:10259/6468" metadataPrefix="marc">https://riubu.ubu.es/oai/request</request><GetRecord><record><header><identifier>oai:riubu.ubu.es:10259/6468</identifier><datestamp>2023-09-16T22:42:14Z</datestamp><setSpec>com_10259_2699</setSpec><setSpec>col_10259_2703</setSpec></header><metadata><record xmlns="http://www.loc.gov/MARC21/slim" xmlns:doc="http://www.lyncode.com/xoai" xmlns:xsi="http://www.w3.org/2001/XMLSchema-instance" xmlns:dcterms="http://purl.org/dc/terms/" xsi:schemaLocation="http://www.loc.gov/MARC21/slim http://www.loc.gov/standards/marcxml/schema/MARC21slim.xsd">
<leader>00925njm 22002777a 4500</leader>
<datafield tag="042" ind1=" " ind2=" ">
<subfield code="a">dc</subfield>
</datafield>
<datafield tag="720" ind1=" " ind2=" ">
<subfield code="a">González Barbadillo, Ángela</subfield>
<subfield code="e">author</subfield>
</datafield>
<datafield tag="260" ind1=" " ind2=" ">
<subfield code="c">2021</subfield>
</datafield>
<datafield tag="520" ind1=" " ind2=" ">
<subfield code="a">Numerosos estudios relacionan el entrenamiento en mindfulness con la mejora de la empatía, a la vez que es una estrategia para afrontar los estados de rumiación y fomentar el perdón. Sin embargo, pocos estudios han considerado los efectos mediadores.&#xd;
Se realizó un estudio con una muestra de población universitaria de diferentes nacionalidades con el objetivo de analizar los efectos mediadores que subyacen a estas relaciones.&#xd;
Los resultados establecieron un efecto total entre la práctica del mindfulness y la empatía. La mejora de la empatía está mediada por los cambios en el rasgo mindfulness, desapareciendo en presencia de este mediador el efecto directo de la práctica de mindfulness sobre la empatía. Por otra parte, se confirma que la práctica de mindfulness predice el mindfulness disposicional, este predice la disminución de los niveles de rumiación de la ira y esto predice un aumento en el perdón disposicional.</subfield>
</datafield>
<datafield tag="024" ind2=" " ind1="8">
<subfield code="a">http://hdl.handle.net/10259/6468</subfield>
</datafield>
<datafield tag="024" ind2=" " ind1="8">
<subfield code="a">10.36443/10259/6468</subfield>
</datafield>
<datafield ind1=" " ind2=" " tag="653">
<subfield code="a">Mindfulness</subfield>
</datafield>
<datafield ind1=" " ind2=" " tag="653">
<subfield code="a">Empatía</subfield>
</datafield>
<datafield ind1=" " ind2=" " tag="653">
<subfield code="a">Rumiación de la ira</subfield>
</datafield>
<datafield ind1=" " ind2=" " tag="653">
<subfield code="a">Perdón</subfield>
</datafield>
<datafield ind1=" " ind2=" " tag="653">
<subfield code="a">Efecto mediador</subfield>
</datafield>
<datafield ind1=" " ind2=" " tag="653">
<subfield code="a">Empathy</subfield>
</datafield>
<datafield ind1=" " ind2=" " tag="653">
<subfield code="a">Anger rumination</subfield>
</datafield>
<datafield ind1=" " ind2=" " tag="653">
<subfield code="a">Forgiveness</subfield>
</datafield>
<datafield ind1=" " ind2=" " tag="653">
<subfield code="a">Mediating effect</subfield>
</datafield>
<datafield tag="245" ind1="0" ind2="0">
<subfield code="a">Mindfulness y su relación con la empatía, la rumiación de la ira y el perdón en estudiantes universitarios</subfield>
</datafield>
</record></metadata></record></GetRecord></OAI-PMH>